Training resource book for Agro-ecosystem mapping

Tallennettuna:
Bibliografiset tiedot
Aineistotyyppi: Kirja
Kieli:Undetermined
Julkaistu: Philippines IRRI 1989
Aiheet:
Tagit: Lisää tagi
Ei tageja, Lisää ensimmäinen tagi!
Thư viện lưu trữ: Trung tâm Học liệu Trường Đại học Cần Thơ
LEADER 00445nam a2200169Ia 4500
001 CTU_30087
008 210402s9999 xx 000 0 und d
082 |a 630.2268 
082 |b T768 
245 0 |a Training resource book for Agro-ecosystem mapping 
245 0 |c IRRI 
260 |a Philippines 
260 |b IRRI 
260 |c 1989 
650 |a Maps, agricultural 
904 |i Liên 
980 |a Trung tâm Học liệu Trường Đại học Cần Thơ